Güçlendirilmiş parlamenter sistem: (Record no. 14625)

MARC details
000 -BAŞLIK
Sabit Uzunlukta Kontrol Alanı 00891nam a22002777a 4500
999 ## - SİSTEM KONTROL NUMARALARI (KOHA)
Koha Biblionumber 14625
Koha Biblioitemnumber 14625
003 - KONTROL NUMARASI IDENTIFIER
Denetim Alanı MIRAKIL
005 - SON İŞLEM TARİHİ VE ZAMANI
Denetim Alanı 20211214000620.0
008 - SABİT-BOY VERİ ELEMANLARI - GENEL BİLGİLER
Sabit Uzunlukta Kontrol Alanı 211112b tu ||||| |||| 00| 0 tur d
020 ## - ULUSLARARASI STANDART KİTAP NUMARASI
Uluslararası Standart Kitap Numarası 978625756108
040 ## - KATALOGLAMA KAYNAK
Orijinal Kataloglama Ajansı TR-AnCHP
Kataloglama Dili tur
Metne Dönüştürmek Ajansı TR-AnCHP
041 ## - DİL KODU
Metin / Ses Parça Veya Ayrı Başlığın Dil Kodu tur
082 ## - DEWEY ONLU SINIFLANDIRMA NUMARASI
Sınıflandırma Numarası 321.8
Ürün Numarası A42g 2021
100 ## - ANA GİRİŞ - KİŞİSEL İSİM
Kişisel Ad Akartürk, Ekrem Ali
245 ## - BAŞLIK TABLOSU
Başlık Güçlendirilmiş parlamenter sistem:
Sorumluluk Tablosu, Vb teori ve uygulama/
Başlığın Kalan Ekrem Ali Akartürk, Tevfik Sönmez Küçük.
250 ## - EDITION TABLOSU
Baskı Beyanı .
260 ## - YAYIN, DAĞITIM, VB
Yayın, Dağıtım, Vb Yeri Ankara:
Yayıncı, Dağıtıcı, Vs Adı Adalet Yayınevi,
Yayın, Dağıtım, Vb Tarihi 2021.
300 ## - FİZİKSEL TANIM
Kapsam 288 s.:
Boyutlar 23 sm.
490 0# - SERİSİ TABLOSU
Seri Beyanı Adalet Yayınevi;
-- Hukuk Yayınları Dizisi;
Hacim / Ardışık Tanımı 2803.
504 ## - KAYNAKÇA VB NOT
Kaynakça Vb Notu Kaynakça vardır.
650 #0 - KONU KATMA GİRİŞ - TOPİKAL DÖNEM
Topikal Süreli Veya Coğrafi Ad Giriş Elemanı Siyaset ve yönetim
Genel Alt Bölümü Türkiye
9 (RLIN) 9
650 ## - KONU KATMA GİRİŞ - TOPİKAL DÖNEM
Topikal Süreli Veya Coğrafi Ad Giriş Elemanı Parlamenter sistemler
Genel Alt Bölümü Türkiye
650 ## - KONU KATMA GİRİŞ - TOPİKAL DÖNEM
Topikal Süreli Veya Coğrafi Ad Giriş Elemanı Yönetim sistemleri
650 ## - KONU KATMA GİRİŞ - TOPİKAL DÖNEM
Topikal Süreli Veya Coğrafi Ad Giriş Elemanı Devlet ve yönetim sistemleri
700 ## - KATMA GİRİŞ - KİŞİSEL İSİM
Kişisel Ad Küçük, Tevfik Sönmez
9 (RLIN) 6827
942 ## - EKLENDİ GİRİŞ ELEMANLARI (KOHA)
Sınıflandırma Veya Raf Düzeni Kaynak Dewey Decimal Classification
Koha Öğesi Türü Books
Holdings
Kalıcı Konum Mevcut Konum Edinme Tarihi Toplam Check-Out'Lar Tam Çağrı Numarası Barkod Tarih Son Görülme İtibaren Geçerli Fiyatlar Sigara Kamu Notu Koha Öğesi Türü
CHP Kütüphanesi CHP Kütüphanesi 11/12/2021   321.8 A42g 2021 020120 11/12/2021 11/12/2021 Kemal Kılıçdaroğlu bağışıdır. Books
Parti Okulu Kütüphanesi Parti Okulu Kütüphanesi 03/08/2024   321.8 A42g 2021 21484 03/08/2024 03/08/2024   Books